TABUADA DO 14 - Statistics

Estatísticas Gerais
  • Esse quiz foi jogado 65 vezes
  • A pontuação média é 20 de 21
Estatísticas das Respostas
Hint Resposta % Correto
14x0 0
100%
14x1 14
100%
14x2 28
100%
14x9 126
98%
14x3 42
98%
14x4 56
98%
14x5 70
98%
14x6 84
98%
14x7 98
98%
14x8 112
96%
14x10 140
96%
14x11 154
93%
14x12 168
93%
14x13 182
93%
14x14 196
93%
14x15 210
93%
14x16 224
93%
14x17 238
93%
14x18 252
91%
14x19 266
91%
14x20 280
89%
Nenhum quiz correspondente encontrado
Distribuição das Pontuações
Porcentagem de Pessoas com Cada Pontuação
Percentil de Números Respondidos
Sua Pontuação Histórica
Você não jogou esse quiz